God and government : (Record no. 93556)

MARC details
000 -LEADER
fixed length control field 00530nam a22001817a 4500
005 - DATE AND TIME OF LATEST TRANSACTION
control field 20150612122815.0
010 ## - LCCN (DPL NO)
LC control number ENG-113027
020 ## - INTERNATIONAL STANDARD BOOK NUMBER
Terms of availability 90.00
035 ## - SYSTEM CONTROL NUMBER
System control number EN-96559
037 ## - SOURCE OF ACQUISITION
Source of stock number/acquisition DBAD/PUB
082 ## - DEWEY DECIMAL CLASSIFICATION NUMBER
Classification number 280
100 ## - MAIN ENTRY--PERSONAL NAME
Personal name Abel, M.
245 ## - TITLE STATEMENT
Title God and government :
Statement of responsibility, etc by M. Abel
Remainder of title sermons on society and spirituality /
260 ## - PUBLICATION, DISTRIBUTION, ETC. (IMPRINT)
Place of publication, distribution, etc Chennai
Name of publisher, distributor, etc The Christian Literature Society
Date of publication, distribution, etc 2013
270 ## - ADDRESS
Address Post Box No. 501, Park Town
City Chennai
Postal code 600003
300 ## - PHYSICAL DESCRIPTION
Extent 145p.
Dimensions 21cm(pbk)
942 ## - ADDED ENTRY ELEMENTS (KOHA)
Source of classification or shelving scheme Dewey Decimal Classification
Item type English Books
Call number suffix ABE
Classification part 280
Holdings
Withdrawn status Lost status Not for loan Collection code Home library Current library Date acquired Source of acquisition Cost, normal purchase price Full call number Barcode Copy number Cost, replacement price Koha item type
    Not For Loan Non-fiction D.B.Act.Division D.B.Act.Division 13/05/2015 DBAD/PUB 90.00 280 ABE EN-96559 1 90.00 English Books

© Delhi Public Library
Hit Counter
free hit counter